[Event "Hastings Masters op 92nd"]
[Site "Hastings"]
[Date "2017.01.02"]
[Round "6"]
[White "Webb, Laurence"]
[Black "Norton, Craig"]
[Result "1/2-1/2"]
[WhiteElo "2300"]
[BlackElo "2033"]
[PlyCount "136"]
[EventDate "2016.12.28"]
[EventType "swiss"]
[EventRounds "9"]
[EventCountry "ENG"]
[SourceTitle "CBM 176 Extra"]
[Source "ChessBase"]
[SourceDate "2017.03.02"]
[SourceVersion "1"]
[SourceVersionDate "2017.03.02"]
[SourceQuality "1"]

1. e4 c5 2. Nf3 g6 3. c3 Bg7 4. d4 cxd4 5. cxd4 d5 6. e5 Bg4 7. Nbd2 Nc6 8. h3 Bxf3 9. Nxf3 Qb6 10. Bd3 e6 11. 0-0 Nge7 12. b3 Nf5 13. Bxf5 gxf5 14. Ba3 Bf8 15. Bxf8 Rxf8 16. Ng5 0-0-0 17. Nxh7 Rh8 18. Ng5 Rdg8 19. f4 Nxd4 20. Kh2 Kb8 21. Qd2 Rg7 22. Qf2 Nc6 23. Qxb6 axb6 24. Nf3 Rhg8 25. Rf2 Nb4 26. Rd1 Na6 27. b4 Nxb4 28. Rb2 Nc6 29. Ne1 Na5 30. Rxb6 Nc4 31. Rb3 Rc8 32. Nf3 Rgg8 33. h4 Rgd8 34. Ng5 Rd7 35. h5 Rh8 36. Rh3 Rh6 37. Kg1 Kc7 38. Kf2 Kc6 39. Nf3 Rd8 40. Nd4+ Kc7 41. Rdd3 Rdh8 42. Rdg3 R8h7 43. Ke2 Kd7 44. Rb3 Kc7 45. Nb5+ Kc6 46. Nd6 Nxd6 47. exd6 Kxd6 48. Rxb7 Rxh5 49. Ra3 Kc6 50. Raa7 Rh2 51. Rc7+ Kd6 52. Rd7+ Kc6 53. Rac7+ Kb6 54. Kf3 Rh1 55. Rxf7 Rxf7 56. Rxf7 Re1 57. Rf8 d4 58. Rc8 Kb5 59. a4+ Kxa4 60. Rc4+ Kb5 61. Rxd4 Kc5 62. Rd8 Kc4 63. Kg3 Re4 64. Kf3 Re1 65. g3 Kc5 66. Kg2 Kc6 67. Kh3 Rh1+ 68. Kg2 Re1 1/2-1/2

[Event "Hastings Masters op 92nd"]
[Site "Hastings"]
[Date "2016.12.28"]
[Round "1"]
[White "Norton, Craig"]
[Black "Gunn, Michael J"]
[Result "1-0"]
[WhiteElo "2033"]
[BlackElo "1671"]
[PlyCount "51"]
[EventDate "2016.12.28"]
[EventType "swiss"]
[EventRounds "9"]
[EventCountry "ENG"]
[SourceTitle "CBM 176 Extra"]
[Source "ChessBase"]
[SourceDate "2017.03.02"]
[SourceVersion "1"]
[SourceVersionDate "2017.03.02"]
[SourceQuality "1"]

1. d4 Nf6 2. Nf3 g6 3. Nc3 Bg7 4. e4 d6 5. Be3 0-0 6. Qd2 Re8 7. 0-0-0 c6 8. Bh6 b5 9. Bxg7 Kxg7 10. Bd3 b4 11. Ne2 a5 12. h4 h5 13. Ng5 Ba6 14. Kb1 Qb6 15. f3 c5 16. Bxa6 Nxa6 17. e5 dxe5 18. dxe5 Nh7 19. g4 Rad8 20. Qf4 f6 21. Nxh7 Kxh7 22. gxh5 f5 23. hxg6+ Qxg6 24. Rdg1 Qh6 25. Qxf5+ Kh8 26. Rg6 1-0

[Event "Wakefield 4NCL op-A 8th"]
[Site "Wakefield"]
[Date "2016.04.02"]
[Round "3"]
[White "Wynarczyk, Raymond"]
[Black "Norton, Craig"]
[Result "1-0"]
[WhiteElo "1941"]
[BlackElo "2071"]
[PlyCount "37"]
[EventDate "2016.04.01"]
[EventType "swiss"]
[EventRounds "5"]
[EventCountry "ENG"]
[SourceTitle "CBM 171 Extra"]
[Source "ChessBase"]
[SourceDate "2016.04.26"]
[SourceVersion "1"]
[SourceVersionDate "2016.04.26"]
[SourceQuality "1"]

1. e4 c5 2. Nf3 g6 3. d4 cxd4 4. Nxd4 Bg7 5. Nc3 Nc6 6. Be3 Nf6 7. Bc4 0-0 8. Bb3 a5 9. a4 d5 10. exd5 Nb4 11. Ndb5 Bf5 12. 0-0 Rc8 13. Rc1 h5 14. f3 h4 15. Re1 Nh5 16. Bg5 Bf6 17. Bxf6 exf6 18. Qd4 Kg7 19. Qxh4 1-0

[Event "Politiken Cup 27th"]
[Site "Copenhagen"]
[Date "2005.07.23"]
[Round "9"]
[White "Larsen, Andreas"]
[Black "Norton, Craig"]
[Result "0-1"]
[WhiteElo "1968"]
[BlackElo "2122"]
[PlyCount "40"]
[EventDate "2005.07.16"]
[EventType "swiss"]
[EventRounds "10"]
[EventCountry "DEN"]
[SourceTitle "CBM 107 Extra"]
[Source "ChessBase"]
[SourceDate "2005.09.01"]
[SourceVersion "1"]
[SourceVersionDate "2005.09.01"]
[SourceQuality "1"]

1. d4 Nf6 2. Nf3 d5 3. e3 Bf5 4. Bd3 Ne4 5. Ne5 e6 6. 0-0 f6 7. Bxe4 Bxe4 8. f3 Bg6 9. Nxg6 hxg6 10. Qd3 Kf7 11. e4 c5 12. Qb5 Qc7 13. Bf4 Qxf4 14. Qxb7+ Be7 15. Qxa8 Qe3+ 16. Kh1 Qf4 17. Kg1 Rxh2 18. exd5 Bd6 19. dxe6+ Kg8 20. Re1 Qg3 0-1

[Event "Politiken Cup 27th"]
[Site "Copenhagen"]
[Date "2005.07.21"]
[Round "7"]
[White "Frank Nielsen, Marie"]
[Black "Norton, Craig"]
[Result "0-1"]
[WhiteElo "1913"]
[BlackElo "2122"]
[PlyCount "162"]
[EventDate "2005.07.16"]
[EventType "swiss"]
[EventRounds "10"]
[EventCountry "DEN"]
[SourceTitle "CBM 107 Extra"]
[Source "ChessBase"]
[SourceDate "2005.09.01"]
[SourceVersion "1"]
[SourceVersionDate "2005.09.01"]
[SourceQuality "1"]

1. e4 c5 2. c3 d5 3. exd5 Qxd5 4. d4 Nf6 5. Nf3 Bg4 6. Be2 e6 7. 0-0 Nc6 8. Be3 cxd4 9. cxd4 Be7 10. Nc3 Qd6 11. Qd2 0-0 12. Rfd1 Nb4 13. Bf4 Qd8 14. h3 Bh5 15. Be5 Nbd5 16. Qg5 Bg6 17. Qd2 Ne4 18. Nxe4 Bxe4 19. a3 Rc8 20. Rac1 Rxc1 21. Qxc1 Qd7 22. Nd2 Rc8 23. Qa1 Bc2 24. Re1 b5 25. Bd1 Bxd1 26. Qxd1 b4 27. Qg4 g6 28. axb4 Bxb4 29. Qd1 Qc6 30. Rf1 Qc2 31. Nf3 Qxb2 32. Qa4 a5 33. Qd7 Rc1 34. Qd8+ Bf8 35. Bd6 Rxf1+ 36. Kxf1 Qc1+ 37. Ne1 Qh6 38. Bxf8 Qxf8 39. Qxa5 Qd6 40. Nf3 Qf4 41. Qd2 Qe4 42. Qe2 Qb1+ 43. Qe1 Qb3 44. Kg1 Qd3 45. Qe5 h6 46. Qe1 Nc3 47. Qd2 Qxd2 48. Nxd2 Ne2+ 49. Kh2 Nxd4 50. Kg3 Kg7 51. Kf4 f6 52. Nc4 g5+ 53. Ke3 Nf5+ 54. Ke2 h5 55. Nd2 Nd6 56. Ke3 Kg6 57. Nf3 Nf5+ 58. Ke4 Nh4 59. Ne1 f5+ 60. Ke5 Kf7 61. f3 Ng6+ 62. Kd4 Kf6 63. Ke3 Nf4 64. Kf2 e5 65. Kg3 h4+ 66. Kf2 e4 67. Nc2 Ke5 68. Ne3 Nd3+ 69. Ke2 Nb2 70. Kf2 Ke6 71. Nf1 Nc4 72. g4 e3+ 73. Nxe3 Nxe3 74. Kxe3 fxg4 75. fxg4 Ke5 76. Kf3 Kd4 77. Ke2 Ke4 78. Kf2 Kf4 79. Kg2 Ke3 80. Kh1 Kf3 81. Kh2 Kf2 0-1

[Event "Politiken Cup 26th"]
[Site "Copenhagen"]
[Date "2004.07.28"]
[Round "6"]
[White "Holm Pedersen, Sejer"]
[Black "Norton, Craig"]
[Result "1-0"]
[WhiteElo "2296"]
[BlackElo "2108"]
[PlyCount "43"]
[EventDate "2004.07.24"]
[EventType "swiss"]
[EventRounds "10"]
[EventCountry "DEN"]
[SourceTitle "CBM 101 Extra"]
[Source "ChessBase"]
[SourceDate "2004.09.01"]
[SourceVersion "2"]
[SourceVersionDate "2004.09.01"]
[SourceQuality "1"]

1. d4 Nf6 2. c4 e6 3. Nf3 d5 4. Nc3 Be7 5. cxd5 exd5 6. Bg5 0-0 7. e3 c6 8. Qc2 Ne4 9. Bf4 Re8 10. Bd3 f5 11. h3 Bd6 12. 0-0-0 Na6 13. Bxa6 bxa6 14. Bxd6 Nxd6 15. Ne5 f4 16. exf4 Bf5 17. Qa4 Rxe5 18. dxe5 Nb5 19. g4 Nxc3 20. bxc3 Be4 21. Qxe4 Qa5 22. Qb4 1-0

[Event "Politiken Cup 24th"]
[Site "Copenhagen"]
[Date "2002.07.25"]
[Round "10"]
[White "Norton, Craig"]
[Black "Skjoldan, Benjamin"]
[Result "1-0"]
[WhiteElo "1832"]
[BlackElo "2024"]
[PlyCount "55"]
[EventDate "2002.07.15"]
[EventType "swiss"]
[EventRounds "11"]
[EventCountry "DEN"]
[SourceTitle "CBM 089 Extra"]
[Source "ChessBase"]
[SourceDate "2002.09.10"]
[SourceVersion "2"]
[SourceVersionDate "2002.09.10"]
[SourceQuality "1"]

1. d4 Nf6 2. Nf3 g6 3. Nc3 d5 4. Bf4 Bg7 5. e3 0-0 6. Be2 c5 7. Ne5 b6 8. h4 h5 9. g4 hxg4 10. Nxg4 Nxg4 11. Bxg4 f5 12. Bf3 e6 13. Qd2 Bb7 14. 0-0-0 Kf7 15. Rdg1 Bf6 16. Nb5 Qd7 17. Nc7 Qa4 18. Kb1 cxd4 19. h5 g5 20. Bxg5 Na6 21. Nxa8 dxe3 22. fxe3 Bxg5 23. Rxg5 Bxa8 24. Rhg1 Nc5 25. Rg7+ Ke8 26. h6 Qh4 27. h7 Nd7 28. Rh1 1-0

[Event "Politiken Cup 24th"]
[Site "Copenhagen"]
[Date "2002.07.20"]
[Round "6"]
[White "Norton, Craig"]
[Black "Timmermans, Ivo"]
[Result "0-1"]
[WhiteElo "1832"]
[BlackElo "2177"]
[PlyCount "162"]
[EventDate "2002.07.15"]
[EventType "swiss"]
[EventRounds "11"]
[EventCountry "DEN"]
[SourceTitle "CBM 089 Extra"]
[Source "ChessBase"]
[SourceDate "2002.09.10"]
[SourceVersion "2"]
[SourceVersionDate "2002.09.10"]
[SourceQuality "1"]

1. d4 d5 2. Nf3 e6 3. e3 c5 4. b3 Nc6 5. Bd3 Nf6 6. 0-0 Bd6 7. Bb2 0-0 8. Nbd2 Qc7 9. dxc5 Bxc5 10. Bxf6 gxf6 11. c4 Ne5 12. Nxe5 Qxe5 13. Qe2 Rd8 14. Rad1 f5 15. cxd5 Rxd5 16. Bc4 Rd7 17. Nf3 Qf6 18. Rd2 a6 19. a4 Bb4 20. Rd3 Be7 21. e4 Rb8 22. exf5 Rxd3 23. Bxd3 exf5 24. Re1 Be6 25. Ne5 Bb4 26. Rf1 Bc3 27. f4 Bxb3 28. Rf3 Rc8 29. Rg3+ Kh8 30. h3 Bd4+ 31. Kh2 Rg8 32. Rxg8+ Kxg8 33. Bc4 Bxe5 34. fxe5 Bxc4 35. Qxc4 Qxe5+ 36. Kh1 Qe1+ 37. Kh2 Qe5+ 38. Kh1 Kg7 39. Qb4 Qa1+ 40. Kh2 Qe5+ 41. Kh1 Qe4 42. Qc3+ Kg6 43. Qg3+ Kf6 44. Qd6+ Qe6 45. Qd4+ Kg6 46. Qb4 Qd5 47. Qb6+ Qc6 48. Qb3 Qc1+ 49. Kh2 Qf4+ 50. Kh1 Qc1+ 51. Kh2 Qc7+ 52. Kh1 b6 53. Qb4 Qc5 54. Qh4 h6 55. Qg3+ Kh7 56. Qb3 Qc1+ 57. Kh2 Qc7+ 58. Kh1 Kg7 59. Qb1 Qc5 60. Qb2+ Kg6 61. Qb3 b5 62. Qg3+ Kh7 63. Qh4 Qc1+ 64. Kh2 Qc4 65. Qf2 f4 66. axb5 axb5 67. Qb6 b4 68. Qf6 b3 69. Qf5+ Kg8 70. Qf6 Qc7 71. Kh1 Qc1+ 72. Kh2 Qe3 73. h4 Qg3+ 74. Kh1 Qe1+ 75. Kh2 Qf2 76. Qxh6 Qg3+ 77. Kh1 b2 78. Qb6 Qxh4+ 79. Kg1 Qe1+ 80. Kh2 b1Q 81. Qd8+ Kh7 0-1